MARC

LEADER 00000nam0a2200000 4500
001 258092
005 20231101233249.0
020 |a RU  |b 88-2196 
035 |a (RuTPU)RU\TPU\book\280926 
090 |a 258092 
100 |a 20140422d1987 k y0rusy5003 ca 
101 0 |a rus 
102 |a RU 
105 |a y z 000zy 
200 1 |a Вещественные и личные факторы повышения эффективности производства в условиях НТП  |e сборник научных трудов  |f Калининский политехнический институт (КПИ) ; под ред. Г. А. Александрова 
210 |a Калинин  |c Изд-во КГУ  |d 1987 
215 |a 160 с. 
606 1 |a Экономическая эффективность промышленного производства  |x Оценка  |2 stltpush  |3 (RuTPU)RU\TPU\subj\26593  |9 50484 
610 1 |a экономика 
610 1 |a социалистическая система хозяйства 
610 1 |a промышленные предприятия 
610 1 |a научно-технический прогресс 
610 1 |a личные факторы 
610 1 |a производственные фонды 
610 1 |a воспроизводство 
675 |a 658.011.46  |z rus  |v 3 
702 1 |a Александров  |b Г. А.  |4 340 
712 0 2 |a Калининский политехнический институт (КПИ)  |c (1958-1990)  |2 stltpush  |3 (RuTPU)RU\TPU\col\7669 
801 0 |a RU  |b RuMRKP  |c 19950417  |g psbo 
801 1 |a RU  |b 63413507  |c 20140422 
801 2 |a RU  |b 63413507  |c 20141027  |g RCR 
942 |c BK